<?xml version="1.0" encoding="UTF-8"?>
<record
    xmlns:xsi="http://www.w3.org/2001/XMLSchema-instance"
    xsi:schemaLocation="http://www.loc.gov/MARC21/slim http://www.loc.gov/standards/marcxml/schema/MARC21slim.xsd"
    xmlns="http://www.loc.gov/MARC21/slim">

  <leader>00581nam a22001937a 4500</leader>
  <controlfield tag="003">KOHA_M&#x130;RAKIL</controlfield>
  <controlfield tag="005">20241003053910.0</controlfield>
  <controlfield tag="008">241002b2020    tu ||||| |||| 00| 0 tur d</controlfield>
  <datafield tag="020" ind1=" " ind2=" ">
    <subfield code="a">9789754586374</subfield>
  </datafield>
  <datafield tag="040" ind1=" " ind2=" ">
    <subfield code="a">TR-AnABB</subfield>
    <subfield code="b">tur</subfield>
    <subfield code="c">TR-AnABB</subfield>
  </datafield>
  <datafield tag="041" ind1=" " ind2=" ">
    <subfield code="a">tur</subfield>
  </datafield>
  <datafield tag="082" ind1=" " ind2=" ">
    <subfield code="a">828.3354</subfield>
    <subfield code="b">MCC 2020</subfield>
  </datafield>
  <datafield tag="100" ind1="1" ind2=" ">
    <subfield code="a">McCullers, Carson, 1917-1967</subfield>
    <subfield code="9">727</subfield>
  </datafield>
  <datafield tag="245" ind1="1" ind2="0">
    <subfield code="a">K&#xFC;sk&#xFC;n kahvenin t&#xFC;rk&#xFC;s&#xFC; /</subfield>
    <subfield code="c">Carson Mccullers.</subfield>
  </datafield>
  <datafield tag="260" ind1=" " ind2=" ">
    <subfield code="a">&#x130;stanbul :</subfield>
    <subfield code="b">&#x130;&#x15F; Bankas&#x131; K&#xFC;lt&#xFC;r Yay&#x131;nlar&#x131;,</subfield>
    <subfield code="c">2020.</subfield>
  </datafield>
  <datafield tag="300" ind1=" " ind2=" ">
    <subfield code="a">157 sayfa ;</subfield>
    <subfield code="c">19 cm.</subfield>
  </datafield>
  <datafield tag="650" ind1=" " ind2=" ">
    <subfield code="a">&#x130;ngiliz edebiyat&#x131;, roman</subfield>
    <subfield code="9">7</subfield>
  </datafield>
  <datafield tag="942" ind1=" " ind2=" ">
    <subfield code="2">ddc</subfield>
    <subfield code="c">BK</subfield>
  </datafield>
  <datafield tag="952" ind1=" " ind2=" ">
    <subfield code="0">0</subfield>
    <subfield code="1">0</subfield>
    <subfield code="2">ddc</subfield>
    <subfield code="4">0</subfield>
    <subfield code="7">0</subfield>
    <subfield code="a">MET</subfield>
    <subfield code="b">MET</subfield>
    <subfield code="d">2024-10-02</subfield>
    <subfield code="e">SATIN</subfield>
    <subfield code="l">0</subfield>
    <subfield code="o">828.3354 MCC 2020</subfield>
    <subfield code="p">ABB118617</subfield>
    <subfield code="r">2024-10-03 05:39:10</subfield>
    <subfield code="w">2024-10-03</subfield>
    <subfield code="y">BK</subfield>
  </datafield>
  <datafield tag="952" ind1=" " ind2=" ">
    <subfield code="0">0</subfield>
    <subfield code="1">0</subfield>
    <subfield code="2">ddc</subfield>
    <subfield code="4">0</subfield>
    <subfield code="7">0</subfield>
    <subfield code="a">BAT</subfield>
    <subfield code="b">BAT</subfield>
    <subfield code="d">2025-04-29</subfield>
    <subfield code="l">0</subfield>
    <subfield code="o">828.3354 MCC 2020</subfield>
    <subfield code="p">ABB124344</subfield>
    <subfield code="r">2025-04-29 18:20:15</subfield>
    <subfield code="w">2025-04-29</subfield>
    <subfield code="y">BK</subfield>
  </datafield>
  <datafield tag="999" ind1=" " ind2=" ">
    <subfield code="c">7245</subfield>
    <subfield code="d">7245</subfield>
  </datafield>
  <datafield tag="900" ind1=" " ind2=" ">
    <subfield code="b">Can &#xC7;elik</subfield>
  </datafield>
</record>
